书目信息 |
| 题名: |
谋杀与创造之时
|
|
| 作者: | 布洛克 著 ;吕中莉 译 | |
| 分册: | ||
| 出版信息: | 北京 新星出版社 2010.09 |
|
| 页数: | 157页 | |
| 开本: | 22cm | |
| 丛书名: | 午夜文库 | |
| 单 册: | ||
| 中图分类: | I712.45 | |
| 科图分类: | ||
| 主题词: | 长篇小说 , 长篇小说--美国--现代 , 侦探小说--美国--现代 , 侦探小说 | |
| 电子资源: | ||
| ISBN: | 978-7-5133-0034-6 | |
| 000 | 01051oam2 2200337 450 | |
| 001 | 1251056949 | |
| 005 | 20120109141227.75 | |
| 010 | @a978-7-5133-0034-6@dCNY23.00 | |
| 090 | @aI712.45@bblk | |
| 096 | @aI712.45@bblk | |
| 100 | @a20101109d2010 em y0chiy50 ea | |
| 101 | 1 | @achi@ceng |
| 102 | @aCN@b110000 | |
| 105 | @ay z 000ay | |
| 200 | 1 | @a谋杀与创造之时@b专著@dTime to murder and create@f(美)劳伦斯·布洛克(Lawrence Block)著@g吕中莉译@zeng@9mou sha yu chuang zao zhi shi |
| 205 | @a2版 | |
| 210 | @a北京@c新星出版社@d2010.09 | |
| 215 | @a157页@d22cm | |
| 225 | 2 | @a午夜文库@i马修·斯卡德系列 |
| 300 | @a劳伦斯·布洛克作品 | |
| 462 | 0 | @1001003311397 |
| 510 | 1 | @aTime to murder and create@zeng |
| 606 | 0 | @a长篇小说 |
| 606 | 0 | @a长篇小说@y美国@z现代 |
| 606 | 0 | @a侦探小说@y美国@z现代 |
| 606 | 0 | @a侦探小说 |
| 690 | @aI712.45@v4 | |
| 701 | 0 | @c(美)@a布洛克@c(Block, Lawrence@f1938~)@4著@9bu luo ke |
| 702 | 0 | @a吕中莉@c(文学)@4译@9lv zhong li |
| 801 | 0 | @aCN@b110019@c20101021 |
| 905 | @aZUCC@dI712.45@eB9818 | |
| 谋杀与创造之时=Time to murder and create/(美)劳伦斯·布洛克(Lawrence Block)著/吕中莉译.-2版.-北京:新星出版社,2010.09 |
| 157页;22cm.-(午夜文库.马修·斯卡德系列) |
| 劳伦斯·布洛克作品 |
| ISBN 978-7-5133-0034-6:CNY23.00 |
| ● |
| 相关链接 |
|
|
|
正题名:谋杀与创造之时
索取号:I712.45/B9818
 
预约/预借
| 序号 | 登录号 | 条形码 | 馆藏地/架位号 | 状态 | 备注 |
| 1 | 482097 | 204820970 | 社科二线422/422社科库 3排2列6层/ [索取号:I712.45/B9818] | 在馆 | |
| 2 | 482098 | 204820989 | 文学库116/116文学库 26排3列4层/ [索取号:I712.45/B9818] | 在馆 | |
| 3 | 482099 | 204820998 | 文学库116/116文学库 26排3列4层/ [索取号:I712.45/B9818] | 在馆 |